Missing Word: 1971 Movies A-Z Quiz Stats

Quiz Updated Jan 19, 2018

Challenge
Share
Tweet
Embed
Score 0/25 Timer 05:00
0 Plays Today
Letter Missing Word % Correct
CChocolate
99.4%
OOrange
97.5%
RRoof
97.4%
QQueen
97.1%
FFrench
96%
YYour
95.5%
DDiamonds
95.3%
HHarry
94.6%
SSunday
93.9%
NNow
91.7%
EEscape
91%
BBedknobs
88.1%
MMaude
84.1%
Letter Missing Word % Correct
LLast
83.8%
AAndromeda
82.1%
KKnowledge
79.9%
VVenice
73.7%
GGet
73.7%
ZZodiac
61.3%
JJohnny
55.9%
WWar
51.1%
PPoint
50.6%
TTrain
47.7%
UUncle
36.7%
IIncredible
28.6%

Today's Daily Dose

Word Ladder
Summertime

On This Day
June 23rd II

You're not logged in!

Compare scores with friends on all Sporcle quizzes.
Join for Free
OR
Log In

You Might Also Like...

Show Comments

Extras

Top Quizzes Today


Score Distribution

Your Account Isn't Verified!

In order to create a playlist on Sporcle, you need to verify the email address you used during registration. Go to your Sporcle Settings to finish the process.

Report this User

Report this user for behavior that violates our Community Guidelines.

Details: